000 00530nam a2200169Ia 4500
008 180921t2020 xxu||||| |||| 00| 1 sin d
041 _asin
080 _aX8සි31
_bවීරසි
100 _aවීරසිංහ, ප්‍රමිලා සෙව්වන්දි
245 _aපශ්චාත්තාපය
246 _aPashchaththapaya
260 _bකර්තෘ
_aමාලබේ
_c2020
300 _aපි.144, සෙ.මි.21
942 _cBK
999 _c9134
_d9134
003 LK-CoDNM
040 _aLK-CoDNM
_dLK-CoDNM
_eLK-CoDNM